00630nam a22001937a 4500003000200000005001700002008004100019020002200060050002300082100002200105245006500127250001800192260007200210300002900282500001100311504006500322650002200387700002700409020250318144928.0250318b xxu||||| |||| 00| 0 eng d a978-621-427-107-8 aHB 615 b.F75 2022 aFrias, Solita A.  aEntrepreneurship cSolita A. Frias and Cristina B. Banastao a2022 edition  aManila bUnlimited Books Library Services and Publishing Inc.c2022 axii, 248 pages ; c26cm. acopy 1 aIncludes bibliographical references, index, and appendices.  aEntrepreneurship. aBanastao, Cristina B.